00493nam a2200169Ia 4500008004100000020001400041040001900055041001200074082002500086100002500111245007400136260002900210300002900239440001800268650001900286850001800305131103s9999 xx 000 0 und d a916392163 aLoreto College aEnglish a170/JOHbLCBED/10280 aJohnson, Ann Donegan 4aThe value of fairnessb the story of Nellie Bly cAnn Donegan Johnson aU.S.AbValue talesc1979 a63p.b ill.,pic.c 24cm. aThe valutale  aValu education aLCBED/170/JOH